[Event "FRA-chT U20 GpB 1213"]
[Site "France"]
[Date "2013.01.04"]
[Round "4"]
[White "Bousmaha, Wassel"]
[Black "Labesse, Pierre"]
[Result "1-0"]
[WhiteElo "1454"]
[BlackElo "1270"]
[PlyCount "57"]
[EventDate "2012.12.01"]
[EventType "team"]
[EventRounds "7"]
[EventCountry "FRA"]
[SourceTitle "EXT 2014"]
[Source "ChessBase"]
[SourceDate "2013.11.20"]
[SourceVersion "1"]
[SourceVersionDate "2013.11.20"]
[SourceQuality "1"]
[WhiteTeam "Creteil (U20)"]
[BlackTeam "Saint Mande U20"]
[WhiteTeamCountry "FRA"]
[BlackTeamCountry "FRA"]

1. e4 c5 2. Nf3 Nc6 3. d4 cxd4 4. c3 d3 5. c4 d6 6. Bxd3 g6 7. Nc3 Bg7 8. 0-0 e6 9. Bg5 Nge7 10. Qd2 0-0 11. Bh6 e5 12. Bxg7 Kxg7 13. Rfd1 Bg4 14. Be2 Bxf3 15. Bxf3 Nd4 16. Be2 Nec6 17. Bf1 Qh4 18. b3 Nb4 19. a3 Nbc2 20. Ra2 Qg4 21. Kh1 Nxa3 22. Rxa3 Rae8 23. Rxa7 Ra8 24. Rxb7 Ra1 25. Rxa1 Qc8 26. Raa7 Nc6 27. Rc7 Qb8 28. Rab7 Qa8 29. Qa2 1-0

[Event "FRA-chT U20 GpB 1213"]
[Site "France"]
[Date "2012.12.03"]
[Round "3"]
[White "Labesse, Pierre"]
[Black "Grimaldi, Antonin"]
[Result "0-1"]
[WhiteElo "1270"]
[BlackElo "1266"]
[PlyCount "53"]
[EventDate "2012.12.01"]
[EventType "team"]
[EventRounds "7"]
[EventCountry "FRA"]
[SourceTitle "EXT 2014"]
[Source "ChessBase"]
[SourceDate "2013.11.20"]
[SourceVersion "1"]
[SourceVersionDate "2013.11.20"]
[SourceQuality "1"]
[WhiteTeam "Saint Mande U20"]
[BlackTeam "Villepinte (U20)"]
[WhiteTeamCountry "FRA"]
[BlackTeamCountry "FRA"]

1. e4 e5 2. Nf3 Nc6 3. Nc3 Nf6 4. Bc4 Bc5 5. 0-0 0-0 6. d3 h6 7. Qe1 d6 8. Be3 Bb6 9. Qd2 Bg4 10. Qe2 Nd4 11. Bxd4 Bxd4 12. h3 Bh5 13. g4 Bg6 14. Nb5 Bb6 15. Nh4 Bh7 16. Nf5 Bxf5 17. exf5 Nd7 18. d4 exd4 19. Bd3 Ne5 20. Qe4 Qh4 21. f6 g6 22. Kh2 Qxf6 23. Rg1 Nf3+ 24. Kg2 Nxg1 25. Rxg1 c6 26. Nxd6 Qxd6 27. h4 0-1

[Event "FRA-chT U20 GpB 1213"]
[Site "France"]
[Date "2012.12.03"]
[Round "3"]
[White "Lialy Yao, Makine"]
[Black "Labesse, Pierre"]
[Result "1-0"]
[WhiteElo "1270"]
[BlackElo "1270"]
[PlyCount "69"]
[EventDate "2012.12.01"]
[EventType "team"]
[EventRounds "7"]
[EventCountry "FRA"]
[SourceTitle "EXT 2014"]
[Source "ChessBase"]
[SourceDate "2013.11.20"]
[SourceVersion "1"]
[SourceVersionDate "2013.11.20"]
[SourceQuality "1"]
[WhiteTeam "Villepinte (U20)"]
[BlackTeam "Saint Mande U20"]
[WhiteTeamCountry "FRA"]
[BlackTeamCountry "FRA"]

1. d4 f5 2. e3 Nf6 3. Nf3 e6 4. Nc3 Bb4 5. Bd2 0-0 6. Bd3 b6 7. Qe2 Bb7 8. 0-0 Qe8 9. e4 fxe4 10. Nxe4 Nxe4 11. Bxe4 Ba6 12. Qe3 Bxf1 13. Rxf1 Nc6 14. Bxb4 Nxb4 15. Bxa8 Qxa8 16. Qb3 Nc6 17. c4 Na5 18. Qd3 d5 19. cxd5 exd5 20. Re1 Re8 21. Rxe8+ Qxe8 22. h3 Nc4 23. Qc3 Qe2 24. b3 Nb2 25. Qd2 Qxd2 26. Nxd2 c5 27. Nf3 c4 28. bxc4 dxc4 29. Nd2 c3 30. Nb3 c2 31. Kf1 a5 32. Nc1 b5 33. Ke2 Nd1 34. f3 Nf2 35. Kd2 1-0

[Event "FRA-chT U20 GpB 1213"]
[Site "France"]
[Date "2012.12.01"]
[Round "1"]
[White "Labesse, Pierre"]
[Black "Hadji, Rasla"]
[Result "0-1"]
[WhiteElo "1270"]
[BlackElo "1240"]
[PlyCount "44"]
[EventDate "2012.12.01"]
[EventType "team"]
[EventRounds "7"]
[EventCountry "FRA"]
[SourceTitle "EXT 2014"]
[Source "ChessBase"]
[SourceDate "2013.11.20"]
[SourceVersion "1"]
[SourceVersionDate "2013.11.20"]
[SourceQuality "1"]
[WhiteTeam "Saint Mande U20"]
[BlackTeam "Clichy (U20)"]
[WhiteTeamCountry "FRA"]
[BlackTeamCountry "FRA"]

1. e4 e5 2. Nf3 Nc6 3. d4 exd4 4. Nxd4 Nf6 5. Nc3 Bc5 6. Nxc6 bxc6 7. g3 0-0 8. Bg2 Re8 9. 0-0 d6 10. Qe2 d5 11. e5 Ng4 12. Bf4 Bd6 13. exd6 Rxe2 14. dxc7 Qd7 15. Nxe2 Qe7 16. Rae1 Qc5 17. Nc3 Ba6 18. Ne2 Qxc2 19. Bh3 Bxe2 20. Rc1 Qxb2 21. Rfe1 Bf3 22. Rxc6 Qxf2# 0-1